000 00876cab a2200241 4500
001 WB3411-45
008 090401t1998 xxu||||| |||| 00| 0 eng d
035 _a(Sirsi) u85027
041 _aeng
245 _aTenancy terms
260 _c1998
350 _a0
490 _aFarmers Guardian
_v13 March 1998, 8(1)
520 _aWarns tenants not to slip from the Agricultural Holdings Act 1986 to the Agricultural Tenancies Act 1995 when negotiating new tenancy terms with landlords. Highlights the main differences between the two acts.
650 _aAGRICULTURAL HOLDINGS ACT 1986
650 _aAGRICULTURAL TENANCIES ACT 1995
650 _aPROPERTY-LANDLORD AND TENANT-TENANCIES-AGRICULTURAL TENANCIES
650 _aFARM BUSINESS TENANCIES
650 _aRENT REVIEWS
690 _aLANDLORD AND TENANT-AGRICULTURAL TENANCIES
942 _n0
948 _c18/03/1998
999 _c53450
_d53450